[Event "SG Bochum 2 - SV Hattingen 1"]
[Site "NRW-Klasse, Gruppe 1 2012/201"]
[Date "2012.11.18"]
[Round "3.4"]
[White "Schlawin, Marlon"]
[Black "Jonker, Marc"]
[Result "0-1"]
[WhiteElo "2211"]
[BlackElo "2259"]
[PlyCount "82"]
[EventDate "2012.??.??"]
[WhiteTeam "SG Bochum 2"]
[BlackTeam "SV Hattingen 1"]

1. e4 d6 2. d4 Nf6 3. Nc3 c6 4. Nf3 Bg4 5. h3 Bh5 6. Be3 e6 7. Bd3 d5 8. a3
dxe4 9. Nxe4 Nxe4 10. Bxe4 Nd7 11. O-O Bd6 12. c4 O-O 13. Bd3 e5 14. Be2 e4 15.
Nd2 Bxe2 16. Qxe2 f5 17. f3 exf3 18. Rxf3 Qe7 19. Qd3 Bc7 20. Raf1 g6 21. R1f2
b6 22. b4 Rad8 23. Qb3 Nf6 24. b5 cxb5 25. Qxb5 Qxa3 26. c5 bxc5 27. dxc5 Qa1+
28. Nf1 Ne4 29. Qc4+ Kh8 30. Rc2 Rd1 31. Rc1 Rxc1 32. Bxc1 Qg7 33. Be3 Qf7 34.
Qa4 Kg8 35. Bd4 Rd8 36. Kh1 a5 37. c6 Qd5 38. Bb2 Rb8 39. Qc2 Qa2 40. Qd3 Qxb2
41. Qd5+ Kh8 0-1

[Event "SG Bochum 2 - SV Hattingen 1"]
[Site "NRW-Klasse, Gruppe 1 2012/201"]
[Date "2012.11.18"]
[Round "3.5"]
[White "Bakhmatov, Eduard"]
[Black "Mazarov, Juergen"]
[Result "0-1"]
[WhiteElo "2211"]
[BlackElo "2142"]
[Annotator "Doe,John"]
[PlyCount "72"]
[EventDate "2012.??.??"]
[WhiteTeam "SV Hattingen 1"]
[BlackTeam "SG Bochum 2"]

1. e4 c5 2. Nf3 d6 3. d4 cxd4 4. Nxd4 Nf6 5. Nc3 a6 6. Bc4 e6 7. Bb3 b5 8. Bg5
Be7 9. Qf3 Qb6 10. O-O O-O 11. Rad1 Nc6 12. Nxc6 Qxc6 13. Bxf6 Bxf6 14. Nd5 Bd8
15. Rfe1 Bb7 16. Nf4 Bf6 17. c3 Kh8 18. Nd3 a5 19. a3 Rae8 $11 20. Qg4 Bd8 21.
Nf4 Bb6 22. Nh5 Rg8 23. Qf4 Qc5 24. Qxf7 Bxe4 25. Ng3 Bg6 26. Qb7 Qxf2+ 27. Kh1
d5 28. Qc6 Qxb2 29. Qxb5 Bc7 30. Nf1 Qxa3 31. Ba4 Rb8 32. Qc6 Bf4 33. Rd4 $11
e5 34. Rxd5 Be8 35. Qc7 Bxa4 36. Rxa5 Rbc8 0-1

[Event "SG Bochum 2 - SV Hattingen 1"]
[Site "NRW-Klasse, Gruppe 1 2012/201"]
[Date "2012.11.18"]
[Round "3.6"]
[White "Werthebach, Felix"]
[Black "Huette, Stefan"]
[Result "1/2-1/2"]
[WhiteElo "2145"]
[BlackElo "1967"]
[PlyCount "48"]
[EventDate "2012.??.??"]
[WhiteTeam "SG Bochum 2"]
[BlackTeam "SV Hattingen 1"]

1. c4 e5 2. Nc3 Nc6 3. g3 Nf6 4. Bg2 Bc5 5. a3 a5 6. e3 h6 7. Nge2 d6 8. O-O
O-O 9. h3 Bf5 10. b3 Qd7 11. Kh2 Bd3 12. Bb2 Qf5 13. Rc1 Qh5 14. f3 Qg6 15. Rg1
Rae8 16. g4 h5 17. Ng3 hxg4 18. fxg4 e4 19. Nce2 Ne5 20. Bxe5 dxe5 21. Ra1 Qxg4
22. hxg4 Nxg4+ 23. Kh1 Nf2+ 24. Kh2 Ng4+ 1/2-1/2

[Event "SG Bochum 2 - SV Hattingen 1"]
[Site "NRW-Klasse, Gruppe 1 2012/201"]
[Date "2012.11.18"]
[Round "3.7"]
[White "Lindner-Emden, Carsten"]
[Black "Hobusch, Jan"]
[Result "0-1"]
[WhiteElo "1964"]
[BlackElo "2064"]
[Annotator "Doe,John"]
[PlyCount "68"]
[EventDate "2012.??.??"]
[WhiteTeam "SV Hattingen 1"]
[BlackTeam "SG Bochum 2"]

1. e4 c5 2. Nf3 d6 3. d4 cxd4 4. Qxd4 Nc6 5. Bb5 Bd7 6. Bxc6 Bxc6 7. c4 Nf6 8.
Nc3 e6 9. O-O Be7 10. h3 O-O 11. Be3 Qc7 12. Rac1 b6 13. Nd5 Qb7 14. Nxe7+ Qxe7
15. Bg5 e5 16. Qe3 h6 17. Bh4 Qe6 18. Bxf6 Qxf6 19. Nh2 Qg6 20. f3 f5 21. exf5
Rxf5 22. Rcd1 $11 Raf8 23. Rd2 R8f6 24. Ng4 Re6 25. Rfd1 h5 26. Nh2 Ref6 27.
Kh1 Qg3 28. Qe1 Qg6 29. Qe3 Rf4 30. b3 e4 31. fxe4 Rxe4 32. Qd3 Re1+ 33. Rxe1
Bxg2+ 34. Kg1 Be4+ 0-1

[Event "SG Bochum 2 - SV Hattingen 1"]
[Site "NRW-Klasse, Gruppe 1 2012/201"]
[Date "2012.11.18"]
[Round "3.8"]
[White "Tkachuk, Sergij"]
[Black "Marx, Henning"]
[Result "1-0"]
[WhiteElo "2156"]
[BlackElo "1916"]
[PlyCount "81"]
[EventDate "2012.??.??"]
[WhiteTeam "SG Bochum 2"]
[BlackTeam "SV Hattingen 1"]

1. e4 c6 2. d4 d5 3. e5 Bf5 4. Ne2 e6 5. Ng3 Bg6 6. h4 h6 7. h5 Bh7 8. Bd3 Bxd3
9. Qxd3 Qa5+ 10. c3 Qa6 11. Qxa6 Nxa6 12. b4 b6 13. Bb2 c5 14. a3 Rc8 15. Nd2
cxd4 16. cxd4 Be7 17. f4 f5 18. Ke2 Kd7 19. Kd3 Bd8 20. Ne2 Ne7 21. Nc3 Nc7 22.
Rh3 Ke8 23. b5 Kf7 24. a4 g5 25. hxg6+ Nxg6 26. g3 Be7 27. Ba3 Bd8 28. Rh5 Ra8
29. a5 Kg7 30. Bd6 Ne8 31. Bb4 Nc7 32. Bd6 Ne8 33. axb6 Bxb6 34. Bc5 Nc7 35.
Rhh1 Rhb8 36. Rhb1 Rb7 37. Nb3 Rc8 38. Na5 Bxa5 39. Rxa5 Ra8 40. Rba1 a6 41. b6
1-0

[Event "Bielefelder SK 1 - SV Letmathe 1"]
[Site "NRW-Klasse, Gruppe 1 2012/201"]
[Date "2012.11.18"]
[Round "3.1"]
[White "Podzielny, Karl-Heinz"]
[Black "Malcher, Werner"]
[Result "1-0"]
[WhiteElo "2357"]
[BlackElo "2329"]
[PlyCount "55"]
[EventDate "2012.??.??"]
[WhiteTeam "SV Letmathe 1"]
[BlackTeam "Bielefelder SK 1"]

1. Nf3 c5 2. g3 Nf6 3. Bg2 e6 4. O-O Nc6 5. d3 d5 6. Nbd2 b6 7. e4 dxe4 8. dxe4
Ba6 9. Re1 Qc7 10. e5 Nd5 11. a3 c4 12. Qe2 b5 13. a4 Nb6 14. axb5 Bxb5 15. Ne4
Rd8 16. Bg5 Rd7 17. c3 h6 18. Be3 Be7 19. Nd4 Nxd4 20. Bxd4 Kf8 21. Nd6 Bxd6
22. exd6 Qxd6 23. Qg4 Rg8 24. Re5 Nd5 25. Rae1 Bc6 26. Rxe6 fxe6 27. Rxe6 Nf6
28. Qf5 1-0

[Event "Bielefelder SK 1 - SV Letmathe 1"]
[Site "NRW-Klasse, Gruppe 1 2012/201"]
[Date "2012.11.18"]
[Round "3.2"]
[White "Forchert, Martin"]
[Black "Adamski, Jan"]
[Result "1/2-1/2"]
[WhiteElo "2261"]
[BlackElo "2299"]
[PlyCount "59"]
[EventDate "2012.??.??"]
[WhiteTeam "Bielefelder SK 1"]
[BlackTeam "SV Letmathe 1"]

1. e4 c5 2. Nf3 a6 3. c4 d6 4. d4 Bg4 5. dxc5 Bxf3 6. gxf3 dxc5 7. Qxd8+ Kxd8
8. Nc3 e6 9. Be3 Nf6 10. O-O-O+ Nfd7 11. f4 Kc7 12. Bg2 Nc6 13. Rd2 Be7 14.
Rhd1 Rad8 15. b3 b6 16. e5 Ndb8 17. Ne4 Rxd2 18. Rxd2 Rd8 19. Rxd8 Kxd8 20. Kd2
Kc7 21. Kc3 Nd7 22. a3 Nf8 23. Bf3 Nd7 24. Bh5 g6 25. Bd1 Nd4 26. b4 Nc6 27. b5
axb5 28. cxb5 Na5 29. a4 f6 30. exf6 1/2-1/2

[Event "Bielefelder SK 1 - SV Letmathe 1"]
[Site "NRW-Klasse, Gruppe 1 2012/201"]
[Date "2012.11.18"]
[Round "3.3"]
[White "Webb, Laurence"]
[Black "Gruen, Gerd-Peter"]
[Result "0-1"]
[WhiteElo "2250"]
[BlackElo "2297"]
[PlyCount "112"]
[EventDate "2012.??.??"]
[WhiteTeam "SV Letmathe 1"]
[BlackTeam "Bielefelder SK 1"]

1. e4 Nf6 2. e5 Nd5 3. d4 d6 4. Nf3 Bg4 5. h3 Bxf3 6. Qxf3 dxe5 7. dxe5 e6 8.
Bc4 Nc6 9. Qe4 Nde7 10. Be3 Ng6 11. Bb5 Qd5 12. Qxd5 exd5 13. Nc3 O-O-O 14.
O-O-O Ncxe5 15. f4 Nc4 16. Bxc4 dxc4 17. Rxd8+ Kxd8 18. Rd1+ Kc8 19. f5 Ne5 20.
Nb5 c6 21. Bf4 cxb5 22. Bxe5 f6 23. Bd4 b6 24. Re1 Kd7 25. Re6 Bd6 26. Kd2 Kc6
27. Ke3 Kd5 28. Bc3 b4 29. Be1 h5 30. Kf3 a5 31. Bf2 b5 32. Re2 Be5 33. Rd2+
Kc6 34. b3 a4 35. Ke4 Bc3 36. Re2 Rd8 37. Kf3 Rd1 38. Re6+ Kd7 39. Ra6 cxb3 40.
cxb3 a3 41. Ra7+ Kc8 42. Ke4 Rd2 43. Bc5 Be5 44. g4 hxg4 45. hxg4 Rxa2 46. Bxb4
Rg2 47. Bxa3 Rxg4+ 48. Kd5 b4 49. Bc1 Rg3 50. Ke4 Rxb3 51. Be3 Ra3 52. Rxg7 b3
53. Kd5 b2 54. Rg8+ Kd7 55. Rg7+ Ke8 56. Bc5 b1=Q 0-1

[Event "Bielefelder SK 1 - SV Letmathe 1"]
[Site "NRW-Klasse, Gruppe 1 2012/201"]
[Date "2012.11.18"]
[Round "3.4"]
[White "Goeßling, Guido"]
[Black "Soukup, Jiri"]
[Result "0-1"]
[WhiteElo "2144"]
[BlackElo "2278"]
[PlyCount "50"]
[EventDate "2012.??.??"]
[WhiteTeam "Bielefelder SK 1"]
[BlackTeam "SV Letmathe 1"]

1. e4 Nc6 2. Nf3 e5 3. Bc4 Bc5 4. b4 Bxb4 5. c3 Ba5 6. d4 exd4 7. O-O d3 8. Qb3
Qf6 9. e5 Qg6 10. Re1 Bb6 11. Qd1 Nh6 12. Bxd3 Qh5 13. Re4 Ng4 14. Be3 Bxe3 15.
fxe3 O-O 16. Nbd2 Ncxe5 17. Be2 d5 18. Rd4 Nxe3 19. Qc1 Qg6 20. g3 Nxf3+ 21.
Nxf3 Nc2 22. Rxd5 Nxa1 23. Bd3 f5 24. Bc4 Be6 25. Ne5 Qh6 0-1

[Event "Bielefelder SK 1 - SV Letmathe 1"]
[Site "NRW-Klasse, Gruppe 1 2012/201"]
[Date "2012.11.18"]
[Round "3.5"]
[White "Gruermann, Martin"]
[Black "Wagenknecht, Uwe"]
[Result "0-1"]
[WhiteElo "2144"]
[BlackElo "2175"]
[PlyCount "72"]
[EventDate "2012.??.??"]
[WhiteTeam "SV Letmathe 1"]
[BlackTeam "Bielefelder SK 1"]

1. Nf3 c5 2. c4 Nc6 3. g3 g6 4. Bg2 Bg7 5. Nc3 d6 6. O-O Bd7 7. Rb1 Nd4 8. e3
Nxf3+ 9. Bxf3 Bc6 10. d4 cxd4 11. exd4 Nf6 12. d5 Bd7 13. Be3 O-O 14. Bd4 Rc8
15. b3 a6 16. a4 h5 17. Re1 Re8 18. Qd2 Qa5 19. Re2 Qb4 20. Rb2 Bf5 21. Ne4
Qxd2 22. Rbxd2 Nd7 23. Bxg7 Kxg7 24. h4 b5 25. cxb5 axb5 26. axb5 Ne5 27. Bg2
Rc1+ 28. Kh2 Ng4+ 29. Kh3 Nxf2+ 30. Kh2 Ng4+ 31. Kh3 Rb8 32. Ng5 Ne5+ 33. Kh2
Rxb5 34. Bh3 f6 35. Bxf5 fxg5 36. Rc2 Nf3+ 0-1

[Event "Bielefelder SK 1 - SV Letmathe 1"]
[Site "NRW-Klasse, Gruppe 1 2012/201"]
[Date "2012.11.18"]
[Round "3.6"]
[White "Simon, Hans Christian"]
[Black "Haude, Ruediger"]
[Result "1-0"]
[WhiteElo "2129"]
[BlackElo "2069"]
[PlyCount "43"]
[EventDate "2012.??.??"]
[WhiteTeam "Bielefelder SK 1"]
[BlackTeam "SV Letmathe 1"]

1. Nf3 c5 2. c4 Nc6 3. Nc3 Nf6 4. d4 cxd4 5. Nxd4 a6 6. g3 e6 7. Bg2 Qc7 8. O-O
Be7 9. b3 O-O 10. Bb2 Ne5 11. Rc1 d6 12. e3 Bd7 13. f4 Neg4 14. Qe2 e5 15. Nc2
Nh6 16. Nb4 Rae8 17. Nbd5 Qb8 18. fxe5 Nxd5 19. Nxd5 Bc6 20. Qh5 Bxd5 21. Bxd5
Qd8 22. e6 1-0

[Event "Bielefelder SK 1 - SV Letmathe 1"]
[Site "NRW-Klasse, Gruppe 1 2012/201"]
[Date "2012.11.18"]
[Round "3.7"]
[White "Pfleger, Sascha"]
[Black "Gruettemeier, Uwe"]
[Result "1/2-1/2"]
[WhiteElo "2016"]
[BlackElo "2092"]
[PlyCount "100"]
[EventDate "2012.??.??"]
[WhiteTeam "SV Letmathe 1"]
[BlackTeam "Bielefelder SK 1"]

1. d4 c6 2. e3 g6 3. Bd3 Bg7 4. Nf3 d5 5. O-O Nh6 6. Nbd2 O-O 7. c3 Nf5 8. e4
dxe4 9. Nxe4 Nd6 10. Bf4 Nxe4 11. Bxe4 Nd7 12. Qb3 Qb6 13. Rfe1 Qxb3 14. axb3
Re8 15. Ra5 Nf6 16. Bc2 Nd5 17. Bg3 Be6 18. Rea1 a6 19. Ng5 Bd7 20. Nf3 Rac8
21. b4 Be6 22. Re1 Nb6 23. Rxe6 fxe6 24. Bb3 Nd5 25. Ng5 b6 26. Ra1 h6 27. Nxe6
Kh7 28. Bxd5 cxd5 29. Nc7 Red8 30. Nxa6 Rd7 31. b5 Ra7 32. Re1 Rc4 33. h3 Ra4
34. Bb8 Rb7 35. Bg3 Ra5 36. Kh2 Bf6 37. Nc7 Ra2 38. b4 Bg5 39. Nxd5 Bd2 40. Re2
Rb2 41. h4 h5 42. Kh3 Bc1 43. Re6 Bd2 44. Bc7 Bxc3 45. Rxe7+ Kg8 46. Nf6+ Kf8
47. Rh7 Rxc7 48. Rxc7 Bxd4 49. Rc6 Rxb4 50. Nd7+ Kg7 1/2-1/2

[Event "Bielefelder SK 1 - SV Letmathe 1"]
[Site "NRW-Klasse, Gruppe 1 2012/201"]
[Date "2012.11.18"]
[Round "3.8"]
[White "Danielmeier, Ralf"]
[Black "Weyrauch, Erich"]
[Result "0-1"]
[WhiteElo "2080"]
[BlackElo "2037"]
[PlyCount "66"]
[EventDate "2012.??.??"]
[WhiteTeam "Bielefelder SK 1"]
[BlackTeam "SV Letmathe 1"]

1. e4 c5 2. Nc3 d6 3. g3 Nc6 4. Bg2 g6 5. d3 Bg7 6. Be3 Bd7 7. Qd2 e6 8. f4
Nge7 9. Nf3 Nd4 10. O-O Qa5 11. Qf2 Nxf3+ 12. Bxf3 Rc8 13. d4 O-O 14. Rad1 Be8
15. a3 Qc7 16. dxc5 dxc5 17. Rd2 b6 18. Qe2 Bc6 19. Rfd1 Qb7 20. Nb5 Nf5 21.
Bf2 Bxb5 22. Qxb5 Nd4 23. Bxd4 Bxd4+ 24. Kg2 a6 25. Qd3 Bg7 26. e5 Qa7 27. Qe4
Rc7 28. Rd8 b5 29. c4 bxc4 30. Qxc4 Qb6 31. b3 Qa5 32. a4 Ra7 33. h4 Rxd8 0-1

[Event "SK Münster 2 - LSV Turm Lippstadt 1"]
[Site "NRW-Klasse, Gruppe 1 2012/201"]
[Date "2012.11.18"]
[Round "3.1"]
[White "Wehmeier, Stefan"]
[Black "Emunds, Hans Georg"]
[Result "1-0"]
[WhiteElo "2388"]
[BlackElo "2179"]
[PlyCount "29"]
[EventDate "2012.??.??"]
[WhiteTeam "LSV Turm Lippstadt 1"]
[BlackTeam "SK Münster 2"]

1. d4 Nf6 2. c4 e6 3. Nc3 Bb4 4. e3 d5 5. a3 Be7 6. Nf3 O-O 7. Bd2 b6 8. Qc2
Bb7 9. cxd5 exd5 10. Bd3 c5 11. g4 Nc6 12. g5 Ne4 13. Nxe4 dxe4 14. Bxe4 cxd4
15. Bxc6 1-0

[Event "SK Münster 2 - LSV Turm Lippstadt 1"]
[Site "NRW-Klasse, Gruppe 1 2012/201"]
[Date "2012.11.18"]
[Round "3.2"]
[White "Rehfeldt, Frank"]
[Black "Matthias, Heiner"]
[Result "0-1"]
[WhiteElo "2126"]
[BlackElo "2320"]
[PlyCount "48"]
[EventDate "2012.??.??"]
[WhiteTeam "SK Münster 2"]
[BlackTeam "LSV Turm Lippstadt 1"]

1. e4 c6 2. Nc3 d5 3. Qe2 dxe4 4. Nxe4 Nf6 5. d3 Nxe4 6. dxe4 e5 7. Bd2 Bc5 8.
Nf3 Nd7 9. g3 O-O 10. h4 Nf6 11. O-O-O Qe7 12. Ne1 Be6 13. Kb1 Nxe4 14. Qxe4
Bd5 15. Qf5 Bxh1 16. f3 Qe6 17. Qe4 Qd5 18. Qg4 e4 19. Be2 Qe6 20. Qh5 f5 21.
fxe4 Bxe4 22. Nd3 Bd6 23. Nf4 Bxf4 24. Bxf4 g6 0-1

[Event "SK Münster 2 - LSV Turm Lippstadt 1"]
[Site "NRW-Klasse, Gruppe 1 2012/201"]
[Date "2012.11.18"]
[Round "3.3"]
[White "Jesse, Ingemars"]
[Black "Virnyi, Julius"]
[Result "1-0"]
[WhiteElo "2272"]
[BlackElo "2056"]
[PlyCount "101"]
[EventDate "2012.??.??"]
[WhiteTeam "LSV Turm Lippstadt 1"]
[BlackTeam "SK Münster 2"]

1. Nf3 Nf6 2. g3 g6 3. Bg2 Bg7 4. O-O O-O 5. d4 d6 6. c4 c6 7. Nc3 Bf5 8. Nh4
Be6 9. d5 cxd5 10. cxd5 Bd7 11. e4 b5 12. a3 a5 13. Nf3 Na6 14. e5 Ng4 15. e6
fxe6 16. dxe6 Bc6 17. Nd4 Bxg2 18. Kxg2 b4 19. axb4 axb4 20. Qxg4 bxc3 21. bxc3
Qc7 22. Bd2 Nc5 23. Rxa8 Rxa8 24. Rb1 Rb8 25. Rxb8+ Qxb8 26. h4 Qb7+ 27. Kh2
Qd5 28. Bg5 h5 29. Qe2 Bxd4 30. cxd4 Nxe6 31. Qd3 Qf5 32. Qxf5 gxf5 33. Bxe7
Nxd4 34. Bxd6 Kf7 35. Kg2 Kg6 36. Kf1 Kf6 37. Bc5 Ne6 38. Be3 Kg6 39. Ke2 Nf8
40. Kd3 Ne6 41. Ke2 Kf6 42. Bf4 Nc5 43. Ke3 Kg6 44. Kd4 Ne4 45. f3 Nf2 46. Be5
Kf7 47. Ke3 Ke6 48. Kxf2 Kxe5 49. Ke3 Ke6 50. Kd4 Kd6 51. f4 1-0

[Event "SK Münster 2 - LSV Turm Lippstadt 1"]
[Site "NRW-Klasse, Gruppe 1 2012/201"]
[Date "2012.11.18"]
[Round "3.4"]
[White "Kubo, Thomas"]
[Black "Fecke, Andreas"]
[Result "1/2-1/2"]
[WhiteElo "2008"]
[BlackElo "2108"]
[PlyCount "40"]
[EventDate "2012.??.??"]
[WhiteTeam "SK Münster 2"]
[BlackTeam "LSV Turm Lippstadt 1"]

1. Nf3 d6 2. g3 e5 3. Bg2 Nf6 4. c4 Be7 5. b4 O-O 6. Nc3 c6 7. O-O Nbd7 8. Rb1
Re8 9. d3 Bf8 10. b5 Qc7 11. bxc6 bxc6 12. Nd2 Nc5 13. Ba3 Ne6 14. Qa4 Bd7 15.
Rb2 Reb8 16. Rfb1 Nd8 17. Nb3 Nb7 18. Nd2 Nd8 19. Nb3 Nb7 20. Nd2 Nd8 1/2-1/2

[Event "SK Münster 2 - LSV Turm Lippstadt 1"]
[Site "NRW-Klasse, Gruppe 1 2012/201"]
[Date "2012.11.18"]
[Round "3.5"]
[White "Tran, Duc Cuong"]
[Black "Kammers, Heribert"]
[Result "1/2-1/2"]
[WhiteElo "2036"]
[BlackElo "2089"]
[Annotator "Doe,John"]
[PlyCount "75"]
[EventDate "2012.??.??"]
[WhiteTeam "LSV Turm Lippstadt 1"]
[BlackTeam "SK Münster 2"]

1. d4 d5 2. c4 e6 3. Nc3 c5 4. cxd5 exd5 5. Nf3 Nc6 6. g3 Nf6 7. Bg2 Be6 8. O-O
Be7 9. Bg5 O-O 10. dxc5 Bxc5 11. Bxf6 Qxf6 12. Nxd5 Qxb2 13. Nc7 Rad8 14. Qc1
Qxc1 15. Raxc1 b6 16. Nxe6 fxe6 17. e3 Rd6 18. Rc4 h6 19. Re4 Rf6 20. h4 Kf7
21. Kh2 Ke7 $11 22. Kh3 a5 23. g4 Nb4 24. a4 Nd5 25. Ne5 Nc3 26. Rc4 Nd1 27.
Rc2 Bb4 28. Nc4 Rd8 29. Ne5 Ke8 30. Bc6+ Kf8 31. Kg2 Nc3 32. Nd7+ Ke7 33. Nxf6
gxf6 34. Rfc1 Rc8 35. Bb7 Rc5 36. f4 Nxa4 37. Rxc5 Nxc5 38. Bc6 1/2-1/2

[Event "SK Münster 2 - LSV Turm Lippstadt 1"]
[Site "NRW-Klasse, Gruppe 1 2012/201"]
[Date "2012.11.18"]
[Round "3.6"]
[White "Kaufhold, Thomas"]
[Black "Roemhild, Marcus"]
[Result "0-1"]
[WhiteElo "2015"]
[BlackElo "2012"]
[PlyCount "72"]
[EventDate "2012.??.??"]
[WhiteTeam "SK Münster 2"]
[BlackTeam "LSV Turm Lippstadt 1"]

1. d4 Nf6 2. c4 c5 3. d5 b5 4. Nd2 bxc4 5. e4 c3 6. bxc3 g6 7. Qa4 Bg7 8. Bd3
O-O 9. Ne2 d6 10. O-O Nbd7 11. Nc4 Nb6 12. Nxb6 Qxb6 13. Rb1 Qd8 14. Bd2 Bd7
15. Qa6 Bc8 16. Qc6 Bd7 17. Qa6 Bc8 18. Qa3 a5 19. Rb2 Ra7 20. Rfb1 Qc7 21. f3
Nd7 22. Nc1 Ne5 23. Bf1 Ba6 24. Bxa6 Rxa6 25. Rb7 Qd8 26. Bg5 f6 27. Bf4 Nf7
28. Qa4 Qe8 29. Qb3 Ra8 30. Ne2 a4 31. Qb6 Ne5 32. Qc7 f5 33. Qxe7 Qxe7 34.
Rxe7 fxe4 35. fxe4 a3 36. Rb3 Ra4 0-1

[Event "SK Münster 2 - LSV Turm Lippstadt 1"]
[Site "NRW-Klasse, Gruppe 1 2012/201"]
[Date "2012.11.18"]
[Round "3.7"]
[White "Grobbel, Rainer"]
[Black "Niermann, Rainer"]
[Result "0-1"]
[WhiteElo "2068"]
[BlackElo "2020"]
[PlyCount "88"]
[EventDate "2012.??.??"]
[WhiteTeam "LSV Turm Lippstadt 1"]
[BlackTeam "SK Münster 2"]

1. d4 Nf6 2. c4 c5 3. d5 e6 4. Nc3 exd5 5. cxd5 d6 6. e4 g6 7. f4 Bg7 8. Nf3
O-O 9. Bd3 Re8 10. O-O c4 11. Bxc4 Nxe4 12. Nxe4 Rxe4 13. Bd3 Re8 14. f5 Nd7
15. Kh1 Ne5 16. Bb5 Nxf3 17. Bxe8 Nxh2 18. Bxf7+ Kxf7 19. fxg6+ Kg8 20. gxh7+
Kh8 21. Rf4 Be5 22. g3 Bxf4 23. Bxf4 Ng4 24. Qd2 Bf5 25. Re1 Kxh7 26. Bg5 Qf8
27. Re7+ Kg6 28. Bh4 Qh6 29. Qxh6+ Kxh6 30. Rxb7 Be4+ 31. Kg1 Rc8 32. Kf1 Rc1+
33. Ke2 Rc2+ 34. Ke1 Ne5 35. Bf6 Nd3+ 36. Kd1 Nf2+ 37. Ke1 Bd3 38. Re7 Ne4 39.
Bg7+ Kg6 40. Kd1 Rd2+ 41. Kc1 Re2 42. b4 Rc2+ 43. Kd1 Rxa2 44. Bd4 a6 0-1

[Event "SK Münster 2 - LSV Turm Lippstadt 1"]
[Site "NRW-Klasse, Gruppe 1 2012/201"]
[Date "2012.11.18"]
[Round "3.8"]
[White "Ollech, Dirk"]
[Black "Wagner, Alexej"]
[Result "1/2-1/2"]
[WhiteElo "1942"]
[BlackElo "2063"]
[PlyCount "95"]
[EventDate "2012.??.??"]
[WhiteTeam "SK Münster 2"]
[BlackTeam "LSV Turm Lippstadt 1"]

1. c4 c5 2. Nc3 Nc6 3. g3 g6 4. Bg2 Bg7 5. e4 d6 6. Nge2 e6 7. O-O Nge7 8. d3
O-O 9. a3 b6 10. Rb1 Bb7 11. b4 Nd4 12. Nxd4 cxd4 13. Ne2 Qd7 14. Bb2 e5 15. f4
f5 16. Qb3 Kh8 17. Rbc1 Bc6 18. Qc2 Rab8 19. Qd2 fxe4 20. dxe4 Qb7 21. Qd3 Qa8
22. Bf3 Ng8 23. Rce1 Nf6 24. Nc1 Bd7 25. f5 gxf5 26. exf5 e4 27. Bxe4 Nxe4 28.
Qxe4 Qxe4 29. Rxe4 Bxf5 30. Ref4 Be6 31. Bxd4 Rxf4 32. Bxg7+ Kxg7 33. Rxf4 Rc8
34. Ne2 Bxc4 35. Nd4 Kg6 36. Nf5 Rc7 37. Nxd6 Bd5 38. h4 Rc1+ 39. Kf2 Rc2+ 40.
Ke3 Be6 41. Ne4 Bd7 42. Kd4 Ra2 43. Rf3 Ra1 44. Ke5 Re1 45. Rd3 Ba4 46. Rd6+
Kh5 47. Kf4 Rf1+ 48. Ke3 1/2-1/2

[Event "SV Castrop-Rauxel 1 - SC Bocholt 1"]
[Site "NRW-Klasse, Gruppe 1 2012/201"]
[Date "2012.11.18"]
[Round "3.1"]
[White "Fuest, Martin"]
[Black "De Jong, Jan-Willem"]
[Result "0-1"]
[WhiteElo "2082"]
[BlackElo "2420"]
[Annotator "Doe,John"]
[PlyCount "120"]
[EventDate "2012.??.??"]
[WhiteTeam "SC Bocholt 1"]
[BlackTeam "SV Castrop-Rauxel 1"]

1. d4 Nf6 2. Nf3 g6 3. Bg5 Bg7 4. Bxf6 Bxf6 5. c3 d5 6. Nbd2 Bg7 7. e4 dxe4 8.
Nxe4 O-O 9. Bc4 Nd7 10. O-O Nb6 11. Bb3 Nd5 12. Qd2 c6 13. Rfe1 Qc7 14. Ng3 e6
15. Ne5 b6 16. Bxd5 cxd5 17. Qf4 f6 18. Nd3 Qxf4 19. Nxf4 Kf7 20. Nf1 Bd7 21.
Ne3 Rfc8 22. Nd3 Bf8 23. f4 Bd6 24. Rad1 a5 25. g4 b5 26. a3 Rab8 27. g5 $11 b4
28. axb4 axb4 29. gxf6 Kxf6 30. Ng4+ Ke7 31. cxb4 Bxb4 32. Nxb4 Rxb4 33. Rd2
Rcc4 34. Ne3 Rxd4 35. Nxd5+ Kd6 36. Rxd4 Rxd4 37. Nf6 Bc6 38. Nxh7 Rxf4 39. h3
Rf3 40. h4 Rf4 41. Ng5 Bd5 42. Re2 Rxh4 43. Nf7+ Ke7 44. Ne5 Kf6 45. Nd7+ Kg5
46. Nc5 Kf5 47. Rf2+ Ke5 48. Re2+ Kd6 49. Nd3 Rh1+ 50. Kf2 Rh2+ 51. Ke3 Rxe2+
52. Kxe2 Bc4 53. Ke3 Bxd3 54. Kxd3 Kd5 55. b4 g5 56. Kc3 g4 57. Kd3 e5 58. Ke3
Kc4 59. Kf2 e4 60. Ke3 g3 0-1

[Event "SV Castrop-Rauxel 1 - SC Bocholt 1"]
[Site "NRW-Klasse, Gruppe 1 2012/201"]
[Date "2012.11.18"]
[Round "3.2"]
[White "Muhren, Bianca"]
[Black "Steiner, Karl"]
[Result "1/2-1/2"]
[WhiteElo "2333"]
[BlackElo "1984"]
[PlyCount "123"]
[EventDate "2012.??.??"]
[WhiteTeam "SV Castrop-Rauxel 1"]
[BlackTeam "SC Bocholt 1"]

1. e4 c6 2. d4 d5 3. exd5 cxd5 4. c4 Nf6 5. Nc3 e6 6. Nf3 Be7 7. Bd3 dxc4 8.
Bxc4 O-O 9. O-O a6 10. Qe2 b5 11. Bd3 Bb7 12. Rd1 Nbd7 13. a3 Rc8 14. Ne5 Nb6
15. Bb1 Nbd5 16. Rd3 b4 17. axb4 Bxb4 18. Bd2 Nb6 19. Rh3 Bxc3 20. bxc3 Qd5 21.
f3 Nbd7 22. Nxd7 Qxd7 23. Qf2 Rfd8 24. Bxh7+ Nxh7 25. Qh4 f6 26. Qxh7+ Kf7 27.
Qh5+ Ke7 28. Qg6 Rg8 29. Rh7 Kd8 30. Rb1 Rc7 31. Rh5 Qe8 32. Qg4 Bc8 33. Ra5 g5
34. Qg3 Qc6 35. Rc5 Qd7 36. Ra5 Qc6 37. Rb8 Qc4 38. Qd6+ Ke8 39. d5 Kf7 40. Kf2
Re7 41. Rb4 Qd3 42. Rd4 Qc2 43. dxe6+ Rxe6 44. Qd5 Kg7 45. Rc5 Rge8 46. Rxc8
Re2+ 47. Kg3 Rxc8 48. Qd7+ Kg6 49. Qxc8 Rxd2 50. Qe8+ Kh6 51. Qf8+ Kg6 52. Qg8+
Kh6 53. Qh8+ Kg6 54. Qe8+ Kh6 55. Qf8+ Kg6 56. Qg8+ Kh6 57. Qh8+ Kg6 58. Rxd2
Qxd2 59. Qg8+ Kh6 60. Qf8+ Kg6 61. Qe8+ Kh6 62. Qh8+ 1/2-1/2

[Event "SV Castrop-Rauxel 1 - SC Bocholt 1"]
[Site "NRW-Klasse, Gruppe 1 2012/201"]
[Date "2012.11.18"]
[Round "3.3"]
[White "Liesmann, Karsten"]
[Black "Kusnetsov, Mark"]
[Result "1/2-1/2"]
[WhiteElo "1997"]
[BlackElo "2211"]
[PlyCount "56"]
[EventDate "2012.??.??"]
[WhiteTeam "SC Bocholt 1"]
[BlackTeam "SV Castrop-Rauxel 1"]

1. d4 Nf6 2. Nf3 e6 3. e3 c5 4. Bd3 b6 5. O-O Bb7 6. Nbd2 Be7 7. c3 d5 8. Ne5
Nbd7 9. f4 Qc7 10. Qf3 Rf8 11. a4 a6 12. Qe2 c4 13. Bc2 O-O-O 14. b3 cxb3 15.
Bxb3 Kb8 16. Bb2 Nxe5 17. fxe5 Ne4 18. Nxe4 dxe4 19. a5 bxa5 20. Rfc1 f6 21.
Ba3 Bxa3 22. Rxa3 fxe5 23. Bc4 Rd6 24. Rb1 Ka7 25. Rab3 Rb8 26. Qb2 exd4 27.
cxd4 Rc6 28. Bf1 Rd6 1/2-1/2

[Event "SV Castrop-Rauxel 1 - SC Bocholt 1"]
[Site "NRW-Klasse, Gruppe 1 2012/201"]
[Date "2012.11.18"]
[Round "3.4"]
[White "Kartsev, Alexandr"]
[Black "Gajic, Goran"]
[Result "1-0"]
[WhiteElo "2150"]
[BlackElo "1956"]
[PlyCount "45"]
[EventDate "2012.??.??"]
[WhiteTeam "SV Castrop-Rauxel 1"]
[BlackTeam "SC Bocholt 1"]

1. e4 d6 2. d4 g6 3. Nc3 Bg7 4. Be3 Nf6 5. f3 Nbd7 6. Qd2 c6 7. Bh6 Bxh6 8.
Qxh6 Qa5 9. Qd2 e5 10. Nge2 a6 11. g3 b5 12. Bg2 Qc7 13. O-O Bb7 14. Rae1 O-O-O
15. f4 exd4 16. Nxd4 c5 17. Ndxb5 axb5 18. Nxb5 Qb6 19. Nxd6+ Kb8 20. Nxb7 Qxb7
21. e5 Qb6 22. exf6 Nxf6 23. Qc3 1-0